[Event "Zadar B Open 2016"]
[Site "Zadar"]
[Date "2016.12.11"]
[Round "1.1"]
[White "Medancic, Rikard"]
[Black "Sulc, Gordana"]
[Result "1-0"]
[WhiteElo "2267"]
[BlackElo "1888"]
[PlyCount "75"]
[EventDate "2016.12.11"]
[EventCountry "CRO"]

1. b3 c5 2. Bb2 Nc6 3. Nf3 e6 4. d4 Nf6 5. g3 cxd4 6. Nxd4 Bb4+ 7. c3 Bc5 8.
Nxc6 bxc6 9. Bg2 Qb6 10. O-O Ng4 11. e3 f5 12. c4 O-O 13. h3 Nf6 14. Nc3 Qb8
15. Rc1 a5 16. Qc2 Nh5 17. Na4 Bd6 18. Rfd1 Ra6 19. Qd3 c5 20. Ba3 Qc7 21. Qe2
Nf6 22. Rxd6 Rxd6 23. Bxc5 Rf7 24. Bxd6 Qxd6 25. Rd1 Qc7 26. Qd2 Bb7 27. Nc3
Bxg2 28. Kxg2 Ne4 29. Nxe4 fxe4 30. Qd6 Qb7 31. Rd4 a4 32. b4 a3 33. b5 Qa8 34.
b6 Qb7 35. Qc7 d5 36. Qxb7 Rxb7 37. c5 Kf7 38. Rb4 1-0

[Event "Zadar B Open 2016"]
[Site "Zadar"]
[Date "2016.12.11"]
[Round "1.2"]
[White "Kolanovic, Kazimir"]
[Black "Muratovic, Enver"]
[Result "1/2-1/2"]
[WhiteElo "1879"]
[BlackElo "2224"]
[PlyCount "39"]
[EventDate "2016.12.11"]
[EventCountry "CRO"]

1. d4 Nf6 2. c4 e6 3. Nf3 b6 4. g3 Bb7 5. Bg2 Bb4+ 6. Bd2 Be7 7. Nc3 O-O 8. O-O
Ne4 9. Nxe4 Bxe4 10. Ne1 Bxg2 11. Nxg2 Bf6 12. Bc3 d6 13. Rc1 Nd7 14. e4 e5 15.
dxe5 Bxe5 16. Bxe5 dxe5 17. b4 a5 18. a3 axb4 19. axb4 Qe7 20. Qb3 1/2-1/2

[Event "Zadar B Open 2016"]
[Site "Zadar"]
[Date "2016.12.11"]
[Round "1.3"]
[White "Bozanic, Ivica"]
[Black "Novak, Ivo"]
[Result "1-0"]
[WhiteElo "2216"]
[BlackElo "1867"]
[PlyCount "63"]
[EventDate "2016.12.11"]
[EventCountry "CRO"]

1. f4 c5 2. Nf3 g6 3. g3 Bg7 4. Bg2 Nf6 5. d3 d5 6. O-O O-O 7. Nc3 Qb6 8. e4
dxe4 9. dxe4 Nc6 10. e5 Rd8 11. Qe1 Nd5 12. Nxd5 Rxd5 13. c3 Rd3 14. Qf2 c4 15.
Re1 Qxf2+ 16. Kxf2 Bg4 17. Be3 b5 18. h3 Bf5 19. Nd4 Nxd4 20. cxd4 Rd8 21. g4
Be6 22. Be4 Rxe3 23. Kxe3 f5 24. gxf5 gxf5 25. Bc6 Bd7 26. Bf3 Be6 27. Red1 Bd5
28. Bxd5+ Rxd5 29. Rac1 e6 30. b3 cxb3 31. axb3 Bf8 32. Rc7 1-0

[Event "Zadar B Open 2016"]
[Site "Zadar"]
[Date "2016.12.11"]
[Round "1.4"]
[White "Simunic, Krunoslav"]
[Black "Sulc, Damir"]
[Result "0-1"]
[WhiteElo "1866"]
[BlackElo "2208"]
[PlyCount "142"]
[EventDate "2016.12.11"]
[EventCountry "CRO"]

1. d4 Nf6 2. c4 e6 3. g3 Bb4+ 4. Bd2 Be7 5. Bg2 O-O 6. Nc3 d5 7. Nf3 Nbd7 8.
O-O c6 9. a4 b6 10. cxd5 cxd5 11. Rc1 Bb7 12. Qc2 Rc8 13. Qb1 Ne4 14. Nxe4 dxe4
15. Rxc8 Qxc8 16. Ng5 Nf6 17. Nxe4 Bxe4 18. Bxe4 Qc4 19. Bd3 Qxa4 20. e3 Rc8
21. Rc1 Rxc1+ 22. Qxc1 g6 23. Qc2 Qd7 24. Ba6 Nd5 25. Qc8+ Qxc8 26. Bxc8 Bb4
27. Bc1 Kf8 28. e4 Nc7 29. Bf4 Nb5 30. d5 exd5 31. exd5 Ke7 32. Ba6 Nd6 33. Bd3
Bc5 34. Kf1 Bd4 35. b4 Bc3 36. b5 f6 37. h4 Be5 38. Bd2 Nf7 39. f4 Bd4 40. f5
g5 41. hxg5 Nxg5 42. Bc4 Kd6 43. Bb4+ Bc5 44. Bc3 Ne4 45. Be1 Ke5 46. g4 Kd4
47. Bb3 Nd6 48. Bh4 Kc3 49. Bd1 Bd4 50. Be2 Be5 51. Bf2 Kb4 52. Be1+ Kc5 53.
Kf2 Nxb5 54. Bxb5 Kxb5 55. Ke3 Kc4 56. Ke4 Bd6 57. Bh4 Be7 58. d6 Bd8 59. d7
Kc5 60. g5 fxg5 61. Ke5 Kc6 62. f6 Kxd7 63. Bxg5 Bc7+ 64. Kd5 Bd6 65. Bh6 a5
66. f7 b5 67. f8=Q Bxf8 68. Bxf8 h5 69. Ke5 b4 70. Kd5 h4 71. Ke4 Kc6 0-1

[Event "Zadar B Open 2016"]
[Site "Zadar"]
[Date "2016.12.11"]
[Round "1.5"]
[White "Mihalinec, Damir"]
[Black "Thier, Robert"]
[Result "1-0"]
[WhiteElo "2202"]
[BlackElo "1859"]
[PlyCount "43"]
[EventDate "2016.12.11"]
[EventCountry "CRO"]

1. c4 e6 2. Nf3 Nf6 3. g3 d5 4. Bg2 c5 5. O-O Nc6 6. cxd5 exd5 7. d4 Bf5 8. Nc3
Ne4 9. Be3 c4 10. Nxe4 Bxe4 11. b3 b5 12. bxc4 dxc4 13. Ng5 Bxg2 14. Kxg2 Qd5+
15. f3 Be7 16. Nh3 Bf6 17. Nf4 Qd8 18. d5 Bxa1 19. Qxa1 Ne7 20. Qxg7 Rf8 21.
Qe5 Kd7 22. d6 1-0

[Event "Zadar B Open 2016"]
[Site "Zadar"]
[Date "2016.12.11"]
[Round "1.6"]
[White "Turicar, Goran"]
[Black "Bozinovic, Bogdan"]
[Result "1/2-1/2"]
[WhiteElo "1851"]
[BlackElo "2202"]
[PlyCount "42"]
[EventDate "2016.12.11"]
[EventCountry "CRO"]

1. e4 c5 2. Nf3 d6 3. c3 Nf6 4. Be2 Nbd7 5. d3 b6 6. O-O Bb7 7. Bg5 e6 8. Nbd2
Be7 9. h3 O-O 10. Re1 Rc8 11. Bf1 Ne5 12. Nxe5 dxe5 13. Nc4 h6 14. Bh4 Qc7 15.
a4 Rcd8 16. Qf3 Rfe8 17. Bg3 Nd7 18. d4 f5 19. Nxe5 fxe4 20. Qf7+ Kh7 21. Qg6+
Kg8 1/2-1/2

[Event "Zadar B Open 2016"]
[Site "Zadar"]
[Date "2016.12.11"]
[Round "1.7"]
[White "Popovic, Ivo"]
[Black "Blazeka, Djuro"]
[Result "1-0"]
[WhiteElo "2179"]
[BlackElo "1848"]
[PlyCount "37"]
[EventDate "2016.12.11"]
[EventCountry "CRO"]

1. e4 e5 2. Nf3 Nc6 3. Bb5 a6 4. Ba4 Nf6 5. O-O Be7 6. Re1 b5 7. Bb3 O-O 8. c3
d6 9. h3 Nb8 10. d4 Nbd7 11. Nbd2 c6 12. Nf1 Bb7 13. Ng3 g6 14. Bh6 Re8 15. Ng5
d5 16. dxe5 Nh5 17. Nxf7 Kxf7 18. exd5 Nxe5 19. dxc6+ 1-0

[Event "Zadar B Open 2016"]
[Site "Zadar"]
[Date "2016.12.11"]
[Round "1.8"]
[White "Stallinger, Vanessa"]
[Black "Kljako, Damir"]
[Result "1-0"]
[WhiteElo "1845"]
[BlackElo "2173"]
[PlyCount "92"]
[EventDate "2016.12.11"]
[EventCountry "CRO"]

1. e4 g6 2. d4 Bg7 3. Nc3 d6 4. f4 Nc6 5. Be3 e6 6. Nf3 Nf6 7. Bd3 O-O 8. Qd2
Ng4 9. h3 Nxe3 10. Qxe3 e5 11. dxe5 dxe5 12. f5 Nd4 13. g4 c5 14. O-O-O Qa5 15.
h4 b5 16. h5 c4 17. Be2 gxf5 18. gxf5 h6 19. f6 Qb6 20. Nd5 Nb3+ 21. axb3 Qxe3+
22. Nxe3 Bxf6 23. bxc4 bxc4 24. Nxc4 Bb7 25. Bd3 Rfe8 26. Nd6 Reb8 27. Bc4 Bc6
28. Bxf7+ Kf8 29. Bd5 Rb6 30. Nc4 Ra6 31. Bxc6 Rxc6 32. Ncxe5 Ra6 33. Nd7+ Ke7
34. Nxf6 Rxf6 35. Nd4 Rf2 36. Nf5+ Ke6 37. Nxh6 Rc8 38. Rd2 Rf4 39. Rhd1 Rxe4
40. Rd6+ Ke5 41. Nf7+ Kf5 42. h6 Rec4 43. h7 Rxc2+ 44. Kb1 Rh2 45. h8=Q Rcxh8
46. Nxh8 Rxh8 1-0

[Event "Zadar B Open 2016"]
[Site "Zadar"]
[Date "2016.12.11"]
[Round "1.9"]
[White "Berke, Ana"]
[Black "Simunic, Neno"]
[Result "1-0"]
[WhiteElo "2168"]
[BlackElo "1842"]
[PlyCount "51"]
[EventDate "2016.12.11"]
[EventCountry "CRO"]

1. e4 e6 2. c4 d5 3. exd5 exd5 4. cxd5 Nf6 5. Nc3 Nxd5 6. Nf3 Nxc3 7. bxc3 Be7
8. d4 O-O 9. Bd3 Nd7 10. O-O g6 11. Re1 Bf6 12. h4 c5 13. h5 cxd4 14. cxd4 Nc5
15. hxg6 hxg6 16. Bc2 Bg4 17. Bh6 Ne6 18. Bxf8 Bxf3 19. Qxf3 Nxd4 20. Qe4 Nxc2
21. Rad1 Qxf8 22. Qxc2 Rc8 23. Qb3 b6 24. Rd7 Ra8 25. Qf3 Bd8 26. Qxa8 1-0

[Event "Zadar B Open 2016"]
[Site "Zadar"]
[Date "2016.12.11"]
[Round "1.10"]
[White "Kos, Slobodan"]
[Black "Jelecevic, Ivo"]
[Result "1/2-1/2"]
[WhiteElo "1827"]
[BlackElo "2167"]
[PlyCount "85"]
[EventDate "2016.12.11"]
[EventCountry "CRO"]

1. d4 Nf6 2. c4 d6 3. Nc3 Bf5 4. Nf3 Nbd7 5. e3 e5 6. Be2 Ne4 7. Nxe4 Bxe4 8.
Bd3 Bxd3 9. Qxd3 g6 10. dxe5 dxe5 11. e4 Bb4+ 12. Bd2 Bxd2+ 13. Qxd2 Qe7 14.
O-O O-O-O 15. Qc2 f6 16. a3 Nc5 17. Rad1 Ne6 18. b4 g5 19. Rxd8+ Rxd8 20. Rd1
Rxd1+ 21. Qxd1 Qd7 22. Qd5 c6 23. Qxd7+ Kxd7 24. Kf1 g4 25. Ne1 Nd4 26. f3 gxf3
27. gxf3 Ke6 28. Kf2 b6 29. Ke3 Kf7 30. f4 Kg6 31. fxe5 fxe5 32. Nf3 Nxf3 33.
Kxf3 Kh5 34. Kg3 Kg5 35. h3 a6 36. a4 Kh5 37. b5 cxb5 38. a5 bxc4 39. axb6 c3
40. b7 c2 41. b8=Q c1=Q 42. Qe8+ Kh6 43. Qe6+ 1/2-1/2

[Event "Zadar B Open 2016"]
[Site "Zadar"]
[Date "2016.12.11"]
[Round "1.11"]
[White "Deur Saric, Zrinka"]
[Black "Saravanja, Matija"]
[Result "1-0"]
[WhiteElo "2152"]
[BlackElo "1820"]
[PlyCount "51"]
[EventDate "2016.12.11"]
[EventCountry "CRO"]

1. e4 c5 2. Nf3 d6 3. d4 cxd4 4. Nxd4 Nf6 5. Nc3 g6 6. Be3 Bg7 7. Be2 O-O 8.
O-O Nc6 9. Nb3 a6 10. f4 b5 11. Bf3 Bb7 12. Qd2 Nd7 13. Qf2 Rc8 14. Rad1 Nb4
15. a3 Bxc3 16. bxc3 Na2 17. e5 Bxf3 18. gxf3 Nxc3 19. Rd3 Qc7 20. exd6 exd6
21. Qd2 d5 22. Bd4 Na4 23. f5 Qd6 24. Qh6 Nf6 25. f4 Rxc2 26. Rh3 1-0

[Event "Zadar B Open 2016"]
[Site "Zadar"]
[Date "2016.12.11"]
[Round "1.12"]
[White "Peric, Davor"]
[Black "Stipic, Marko"]
[Result "0-1"]
[WhiteElo "1809"]
[BlackElo "2152"]
[PlyCount "100"]
[EventDate "2016.12.11"]
[EventCountry "CRO"]

1. d4 d6 2. e4 Nf6 3. Nc3 c6 4. a4 g6 5. Be2 Bg7 6. h3 O-O 7. Nf3 Qc7 8. O-O e5
9. Re1 a5 10. Bf1 b6 11. Bg5 Nbd7 12. d5 cxd5 13. Nb5 Qb8 14. exd5 h6 15. Bc1
Ne8 16. Ra3 f5 17. g4 fxg4 18. hxg4 Nc5 19. Nh4 g5 20. Ng2 Qb7 21. Be2 Rb8 22.
c4 Qe7 23. Qc2 Rb7 24. Be3 Rf6 25. Nc3 Qf8 26. Ne4 Nxe4 27. Qxe4 Rff7 28. Qc2
Nf6 29. Qd1 Bd7 30. Rf1 Qc8 31. f3 Bf8 32. Bc1 Rg7 33. Ne3 h5 34. Kg2 e4 35.
fxe4 Nxe4 36. Nf5 Rf7 37. Ne3 Qe8 38. Rxf7 Qxf7 39. Qf1 Qh7 40. gxh5 Bc8 41.
Qh1 Rf7 42. Bf3 g4 43. Bxe4 Qxe4+ 44. Kg1 Qf4 45. Qh2 g3 46. Qe2 Bh3 47. Rd3
Qf2+ 48. Qxf2 gxf2+ 49. Kh2 Bh6 50. Kxh3 Bxe3 0-1

[Event "Zadar B Open 2016"]
[Site "Zadar"]
[Date "2016.12.11"]
[Round "1.13"]
[White "Slamar, Velimir"]
[Black "Trattner, Alfred"]
[Result "1-0"]
[WhiteElo "2150"]
[BlackElo "1807"]
[PlyCount "73"]
[EventDate "2016.12.11"]
[EventCountry "CRO"]

1. d4 d5 2. c4 c6 3. Nf3 Nf6 4. e3 Bg4 5. Nc3 e6 6. Qb3 Qb6 7. c5 Qxb3 8. axb3
Bxf3 9. gxf3 Nbd7 10. f4 g6 11. b4 Bg7 12. b5 O-O 13. Bd3 Rfc8 14. Bd2 Ne8 15.
b4 f6 16. bxc6 bxc6 17. b5 f5 18. Ke2 cxb5 19. Bxb5 Nb8 20. Rhb1 Nc7 21. Bd3 g5
22. fxg5 f4 23. Rb7 Nc6 24. Nb5 Nxb5 25. Bxb5 fxe3 26. fxe3 Nxd4+ 27. exd4 Bxd4
28. Raxa7 Rxa7 29. Rxa7 Rxc5 30. Bd3 e5 31. Bxh7+ Kh8 32. Bf5 e4 33. Ra8+ Kg7
34. Ra7+ Kg8 35. Be6+ Kh8 36. g6 Rc2 37. Rh7# 1-0

[Event "Zadar B Open 2016"]
[Site "Zadar"]
[Date "2016.12.11"]
[Round "1.14"]
[White "Baljak, Jadranko"]
[Black "Yordanov, Nikolay"]
[Result "0-1"]
[WhiteElo "1803"]
[BlackElo "2146"]
[PlyCount "96"]
[EventDate "2016.12.11"]
[EventCountry "CRO"]

1. c4 Nc6 2. Nc3 e5 3. g3 d6 4. Bg2 Be6 5. d3 Qd7 6. e4 g6 7. Nge2 Bg7 8. Be3
Nf6 9. h3 O-O 10. Qd2 Ne8 11. Nd5 Nd8 12. Bh6 c6 13. Bxg7 Kxg7 14. Ne3 c5 15.
f4 Nc6 16. g4 f6 17. f5 Bf7 18. h4 Nd4 19. fxg6 hxg6 20. h5 g5 21. O-O-O Kh7
22. Rdf1 Be6 23. Nf5 b5 24. b3 a5 25. Nexd4 cxd4 26. Kb1 bxc4 27. bxc4 Nc7 28.
Ka1 Na6 29. Rb1 Nb4 30. Rb2 Na6 31. Rhb1 Nc5 32. Rb6 Bxf5 33. exf5 Ra7 34. Bd5
Rd8 35. Qh2 Kh6 36. Qe2 Qa4 37. Be4 Rc7 38. Bd5 Qa3 39. Be4 Qc3+ 40. Qb2 Qxb2+
41. R6xb2 Nxe4 42. dxe4 Rxc4 43. Rb7 d3 44. Rf7 d2 45. Rxf6+ Kg7 46. Rg6+ Kf8
47. Rf6+ Ke7 48. Re6+ Kd7 0-1

[Event "Zadar B Open 2016"]
[Site "Zadar"]
[Date "2016.12.11"]
[Round "1.15"]
[White "Soric, Romeo"]
[Black "Smodlaka, Ante"]
[Result "1-0"]
[WhiteElo "2115"]
[BlackElo "1792"]
[PlyCount "119"]
[EventDate "2016.12.11"]
[EventCountry "CRO"]

1. c4 g6 2. g3 f6 3. d4 d5 4. cxd5 Qxd5 5. Nf3 Nh6 6. Nc3 Qd7 7. Bg2 Nf7 8. O-O
Bg7 9. Qb3 Na6 10. Rd1 O-O 11. Bf4 g5 12. Be3 Kh8 13. Rac1 Nd6 14. d5 e5 15.
dxe6 Qxe6 16. Qxe6 Bxe6 17. Nd4 Bc8 18. Na4 h6 19. Nc5 Nxc5 20. Rxc5 Rf7 21.
Rdc1 c6 22. Nxc6 bxc6 23. Rxc6 Bf8 24. Rxd6 Bxd6 25. Bxa8 Bb7 26. Bxb7 Rxb7 27.
Bd4 Kg7 28. Rc6 Be5 29. Bxe5 fxe5 30. b3 Re7 31. e4 g4 32. Kg2 h5 33. h3 Rf7
34. h4 Re7 35. Kf1 Kh7 36. Ke2 Kg7 37. b4 Rb7 38. a3 a5 39. bxa5 Rb5 40. a6 Ra5
41. Re6 Kf7 42. Rh6 Rxa3 43. Rxh5 Ra2+ 44. Kf1 Rxa6 45. Rxe5 Ra1+ 46. Kg2 Ra4
47. Rf5+ Ke6 48. Rf4 Ra3 49. Rxg4 Ke5 50. h5 Kd4 51. h6 Ra8 52. h7 Rh8 53. Rh4
Ke5 54. Kf3 Kf6 55. Ke3 Kg7 56. f4 Kg6 57. e5 Kg7 58. g4 Kg6 59. Ke4 Ra8 60.
h8=Q 1-0

[Event "Zadar B Open 2016"]
[Site "Zadar"]
[Date "2016.12.11"]
[Round "1.16"]
[White "Petkovic, Nenad"]
[Black "Tomas, Ante"]
[Result "0-1"]
[WhiteElo "1781"]
[BlackElo "2107"]
[PlyCount "52"]
[EventDate "2016.12.11"]
[EventCountry "CRO"]

1. Nc3 d5 2. d4 Nf6 3. Nf3 c5 4. Bg5 Ne4 5. Nxe4 dxe4 6. Nd2 Qxd4 7. c3 Qd5 8.
Be3 Nc6 9. Qc2 f5 10. Nb3 e5 11. g3 Be7 12. Rd1 Qc4 13. Qd2 Be6 14. Qc2 O-O 15.
f4 Nd4 16. Qc1 Nxb3 17. axb3 Qxb3 18. fxe5 Rad8 19. Rd2 Rxd2 20. Bxd2 Rd8 21.
Bh3 Qd5 22. Bf4 g5 23. Bxg5 e3 24. Bxe7 Qxh1+ 25. Bf1 Rd2 26. Bxc5 Bb3 0-1

[Event "Zadar B Open 2016"]
[Site "Zadar"]
[Date "2016.12.11"]
[Round "1.17"]
[White "Babic, Andrija"]
[Black "Katulic, Zlatko"]
[Result "1-0"]
[WhiteElo "2096"]
[BlackElo "1758"]
[PlyCount "63"]
[EventDate "2016.12.11"]
[EventCountry "CRO"]

1. e4 d6 2. d4 c6 3. Nf3 g6 4. c4 Bg7 5. Be2 Nd7 6. O-O e5 7. d5 cxd5 8. cxd5
Ngf6 9. Nc3 O-O 10. h3 h6 11. Be3 a6 12. Rc1 b5 13. b4 Kh7 14. Nd2 g5 15. Nb3
Rg8 16. Na5 Ne8 17. Bg4 Nf8 18. Bh5 Qf6 19. Ne2 Ng6 20. Ng3 Nf4 21. Bg4 Bxg4
22. Qxg4 Qg6 23. Qd7 Bf8 24. Qb7 g4 25. h4 Nf6 26. Qxa8 Nxe4 27. Rc8 Nxg3 28.
fxg3 Ne2+ 29. Kh2 Qg7 30. Qa7 Kg6 31. h5+ Kxh5 32. Qxf7+ 1-0

[Event "Zadar B Open 2016"]
[Site "Zadar"]
[Date "2016.12.11"]
[Round "1.18"]
[White "Zhezhov, Emil"]
[Black "Vidovic, Ante"]
[Result "1-0"]
[WhiteElo "1752"]
[BlackElo "2093"]
[PlyCount "31"]
[EventDate "2016.12.11"]
[EventCountry "CRO"]

1. d4 Nf6 2. c4 g6 3. Nc3 Bg7 4. e4 d6 5. f3 O-O 6. Be3 e5 7. d5 c6 8. Qd2 cxd5
9. cxd5 a6 10. g4 b5 11. h4 h5 12. Bg5 b4 13. Nd1 hxg4 14. h5 Qe8 15. h6 Bh8
16. h7+ 1-0

[Event "Zadar B Open 2016"]
[Site "Zadar"]
[Date "2016.12.11"]
[Round "1.19"]
[White "Mandaric, Ante"]
[Black "Bukvic, Marinko"]
[Result "1-0"]
[WhiteElo "2087"]
[BlackElo "1739"]
[PlyCount "98"]
[EventDate "2016.12.11"]
[EventCountry "CRO"]

1. e4 c5 2. Nf3 d6 3. c3 Nf6 4. Qc2 a6 5. d4 e6 6. Be2 Be7 7. O-O O-O 8. a4 b6
9. Be3 Qc7 10. Nbd2 Bb7 11. Bd3 e5 12. d5 Ng4 13. Rae1 Nxe3 14. Rxe3 Nd7 15.
Ne1 g5 16. Qd1 Nf6 17. Rg3 Kh8 18. Rxg5 Rg8 19. f4 exf4 20. Rxg8+ Rxg8 21. Rxf4
Bc8 22. Qf3 Qd8 23. h3 Rg7 24. Nf1 Nd7 25. Qh5 Ne5 26. Bc2 Ng6 27. Rf3 Ne5 28.
Rg3 Qg8 29. Rxg7 Qxg7 30. Nf3 Bf6 31. Ne3 Qg6 32. Qxg6 hxg6 33. Nxe5 Bxe5 34.
Nc4 b5 35. Nxe5 dxe5 36. Kf2 Kg7 37. g4 g5 38. Kg3 Bd7 39. a5 Kf6 40. h4 gxh4+
41. Kxh4 Kg7 42. Bd1 f6 43. g5 fxg5+ 44. Kxg5 Kf7 45. Bg4 Bxg4 46. Kxg4 Kf6 47.
Kh5 c4 48. Kh6 Ke7 49. Kg6 Kd6 1-0

[Event "Zadar B Open 2016"]
[Site "Zadar"]
[Date "2016.12.11"]
[Round "1.20"]
[White "Zapfel, Paul"]
[Black "Luetic, Ante"]
[Result "0-1"]
[WhiteElo "1738"]
[BlackElo "2085"]
[PlyCount "138"]
[EventDate "2016.12.11"]
[EventCountry "CRO"]

1. e4 d6 2. d4 Nf6 3. Nc3 e5 4. dxe5 dxe5 5. Qxd8+ Kxd8 6. Bg5 Nbd7 7. O-O-O c6
8. Bc4 Ke8 9. f3 b5 10. Bb3 Bc5 11. Nge2 a5 12. a3 h6 13. Bd2 b4 14. axb4 axb4
15. Nb1 Ba6 16. Ng3 g6 17. c3 bxc3 18. Bxc3 Be3+ 19. Kc2 Ke7 20. Na3 Rhb8 21.
Nc4 Bxc4 22. Bxc4 Nb6 23. Bb3 Nfd7 24. Ra1 c5 25. Bd5 Nxd5 26. exd5 Kd6 27.
Rxa8 Rxa8 28. Rd1 Bd4 29. Ne2 Kxd5 30. f4 f6 31. fxe5 fxe5 32. Bd2 Rf8 33. Nc3+
Ke6 34. Ne4 Rb8 35. Bc3 Kd5 36. Ng3 Rf8 37. Rf1 Rxf1 38. Nxf1 e4 39. Bd2 h5 40.
b3 Ne5 41. h3 Nd3 42. g4 hxg4 43. hxg4 Nf2 44. g5 Ng4 45. Bf4 Bf2 46. Kd2 Kd4
47. Bd6 Ne5 48. Ke2 Bh4 49. Be7 Nf7 50. Bf6+ Kd5 51. Ne3+ Ke6 52. Ng2 Bxg5 53.
Bxg5 Nxg5 54. Ke3 Ke5 55. Nf4 Kf5 56. Nd5 Ke6 57. Nf4+ Kf6 58. Nd5+ Kf7 59. Nf4
Nf3 60. Ne2 Kf6 61. Kxe4 Nd2+ 62. Kd3 Nxb3 63. Kc4 Nd4 64. Nf4 Ne6 65. Nd5+ Ke5
66. Ne3 g5 67. Ng4+ Kf4 68. Nf2 Kf3 69. Nd3 g4 0-1

[Event "Zadar B Open 2016"]
[Site "Zadar"]
[Date "2016.12.12"]
[Round "2.1"]
[White "Bubicic, Josip Dr"]
[Black "Medancic, Rikard"]
[Result "0-1"]
[WhiteElo "2051"]
[BlackElo "2267"]
[PlyCount "112"]
[EventDate "2016.12.11"]
[EventCountry "CRO"]

1. e4 Nf6 2. e5 Ng8 3. d4 d6 4. Nf3 Bg4 5. Be2 dxe5 6. Nxe5 Bxe2 7. Qxe2 Qxd4
8. Qb5+ Nd7 9. Nxd7 O-O-O 10. O-O Qxd7 11. Qa5 a6 12. Nc3 e6 13. Bf4 Nf6 14.
Rfd1 Qc6 15. Rxd8+ Kxd8 16. Rd1+ Kc8 17. Nb5 Bc5 18. Nc3 Qb6 19. Qxb6 Bxb6 20.
Kf1 Rd8 21. Rxd8+ Kxd8 22. Bg5 Bd4 23. Nd1 h6 24. Bc1 Kd7 25. c3 Ba7 26. Ke2
Kd6 27. h3 b5 28. Kd3 Nd7 29. b3 f5 30. h4 e5 31. g3 Nc5+ 32. Ke2 Ne4 33. Kf3
Nf6 34. Ba3+ Ke6 35. Bf8 Kf7 36. Ba3 g5 37. hxg5 hxg5 38. Bc1 f4 39. gxf4 exf4
40. Ke2 Ke6 41. f3 Kf5 42. Bd2 g4 43. fxg4+ Kxg4 44. Be1 Ne4 45. Kd3 Kf3 46. c4
bxc4+ 47. bxc4 c6 48. a3 Bb6 49. Bh4 Bc5 50. a4 Bb6 51. Nb2 Nc5+ 52. Kc3 Ke2
53. Kb4 a5+ 54. Kc3 f3 55. Kc2 Bd8 56. Bg3 Ne4 0-1

[Event "Zadar B Open 2016"]
[Site "Zadar"]
[Date "2016.12.12"]
[Round "2.2"]
[White "Glavicic, Tino"]
[Black "Bozanic, Ivica"]
[Result "1/2-1/2"]
[WhiteElo "2037"]
[BlackElo "2216"]
[PlyCount "75"]
[EventDate "2016.12.11"]
[EventCountry "CRO"]

1. d4 f5 2. Nf3 Nf6 3. c4 d6 4. Nc3 g6 5. g3 Bg7 6. Bg2 O-O 7. O-O Nc6 8. d5
Na5 9. Qd3 e5 10. dxe6 Bxe6 11. b3 Ne4 12. Bb2 Nc6 13. Na4 Bxb2 14. Nxb2 Qf6
15. Na4 Rad8 16. Rad1 d5 17. c5 a6 18. Nd4 Bd7 19. f3 Ng5 20. Nc3 Qxd4+ 21.
Qxd4 Nxd4 22. Rxd4 c6 23. b4 Rfe8 24. Rfd1 Re3 25. R4d3 Rde8 26. Kf2 Rxd3 27.
Rxd3 Be6 28. a3 Re7 29. e3 Nf7 30. f4 Nh6 31. h3 Kf7 32. Ne2 Ng8 33. Nd4 Nf6
34. Rb3 Ne4+ 35. Bxe4 dxe4 36. Rb2 Bc4 37. a4 Rc7 38. a5 1/2-1/2

[Event "Zadar B Open 2016"]
[Site "Zadar"]
[Date "2016.12.12"]
[Round "2.3"]
[White "Sulc, Damir"]
[Black "Pesusic, Boris"]
[Result "1-0"]
[WhiteElo "2208"]
[BlackElo "2018"]
[PlyCount "53"]
[EventDate "2016.12.11"]
[EventCountry "CRO"]

1. e4 e5 2. Nf3 Nc6 3. Bb5 Bc5 4. c3 Qe7 5. O-O Nf6 6. d4 Bd6 7. Re1 O-O 8. Bg5
h6 9. Bh4 g6 10. Bd3 Re8 11. Nbd2 g5 12. Bg3 Nh7 13. Nc4 f6 14. Ne3 Qf8 15. Nf5
Ne7 16. Bc4+ Kh8 17. dxe5 Nxf5 18. exf5 Be7 19. exf6 Bxf6 20. Ne5 Kg7 21. Qh5
Rxe5 22. Qg6+ Kh8 23. Rxe5 Qg7 24. Re8+ Nf8 25. Rae1 Qxg6 26. Rxf8+ Kh7 27.
fxg6+ 1-0

[Event "Zadar B Open 2016"]
[Site "Zadar"]
[Date "2016.12.12"]
[Round "2.4"]
[White "Zezelj, Vladislav"]
[Black "Mihalinec, Damir"]
[Result "0-1"]
[WhiteElo "2023"]
[BlackElo "2202"]
[PlyCount "74"]
[EventDate "2016.12.11"]
[EventCountry "CRO"]

1. d4 Nf6 2. c4 g6 3. Nc3 d5 4. cxd5 Nxd5 5. e4 Nxc3 6. bxc3 Bg7 7. Nf3 O-O 8.
Be2 c5 9. O-O Nc6 10. Be3 cxd4 11. cxd4 Bg4 12. Rb1 b6 13. e5 Qd7 14. Bb5 Qb7
15. Rc1 Na5 16. Be2 Rad8 17. Qc2 Rc8 18. Qd3 Be6 19. Qb1 Nc4 20. Bf4 Bd5 21.
Rfd1 e6 22. Rc3 Rc6 23. Rdc1 Rfc8 24. Bxc4 Bxc4 25. Nd2 Bxa2 26. Rxc6 Rxc6 27.
Qb2 Bd5 28. f3 Bf8 29. Nf1 a5 30. Ne3 Rxc1+ 31. Qxc1 h5 32. Bg5 a4 33. Nxd5
Qxd5 34. Qc8 Qxd4+ 35. Kf1 Qc5 36. Qa8 a3 37. Bh6 b5 0-1

[Event "Zadar B Open 2016"]
[Site "Zadar"]
[Date "2016.12.12"]
[Round "2.5"]
[White "Levar, Nenad"]
[Black "Popovic, Ivo"]
[Result "0-1"]
[WhiteElo "2015"]
[BlackElo "2179"]
[PlyCount "64"]
[EventDate "2016.12.11"]
[EventCountry "CRO"]

1. Nf3 Nf6 2. c4 g6 3. b3 Bg7 4. Bb2 O-O 5. g3 d6 6. Bg2 e5 7. Nc3 c5 8. O-O
Re8 9. d3 Nc6 10. Ne1 Be6 11. e4 Qd7 12. Nd5 Nd4 13. Nc2 Nxd5 14. cxd5 Bg4 15.
f3 Nxc2 16. Qxc2 Bh3 17. f4 Bxg2 18. Qxg2 f5 19. Rae1 fxe4 20. dxe4 exf4 21.
Rxf4 Bxb2 22. Qxb2 Qg7 23. Qf6 Qxf6 24. Rxf6 Rad8 25. Kf2 Kg7 26. Rf4 Re5 27.
a4 Rde8 28. Re3 b6 29. h4 h6 30. g4 a6 31. Re2 R8e7 32. Kg3 Rxd5 0-1

[Event "Zadar B Open 2016"]
[Site "Zadar"]
[Date "2016.12.12"]
[Round "2.7"]
[White "Spiranec, Noemi"]
[Black "Deur Saric, Zrinka"]
[Result "1/2-1/2"]
[WhiteElo "1999"]
[BlackElo "2152"]
[PlyCount "124"]
[EventDate "2016.12.11"]
[EventCountry "CRO"]

1. e4 c5 2. Nf3 Nc6 3. Bb5 e6 4. O-O Nge7 5. c3 a6 6. Bxc6 Nxc6 7. d4 d5 8. e5
Be7 9. Be3 Qc7 10. Nbd2 Bd7 11. Qc2 b6 12. Ne1 O-O 13. f4 Rac8 14. Rc1 f6 15.
Nef3 Be8 16. Qd1 Qb7 17. Qe1 fxe5 18. Nxe5 Nxe5 19. fxe5 Rxf1+ 20. Nxf1 cxd4
21. cxd4 Rxc1 22. Qxc1 Qc6 23. Qxc6 Bxc6 24. Kf2 Kf7 25. g4 Bb5 26. Nd2 h6 27.
Nf3 Bc4 28. a3 a5 29. Bd2 Bb3 30. Ke2 Bd8 31. Bf4 Bc4+ 32. Kf2 Ke8 33. g5 h5
34. Nd2 Bd3 35. Ke3 Bf5 36. h4 Kd7 37. Nf1 b5 38. Kd2 Be7 39. Kc3 b4+ 40. Kb3
a4+ 41. Kxa4 bxa3 42. bxa3 Bc2+ 43. Ka5 Bxa3 44. Kb6 Bb4 45. Bd2 Ba3 46. Ng3
Bb2 47. Kc5 Bd1 48. Nf1 Kc7 49. Ba5+ Kb7 50. Ne3 Bf3 51. Nc2 Be4 52. Ne3 Bc1
53. Nd1 Bc2 54. Nf2 Be3 55. Be1 Kc7 56. Ba5+ Kd7 57. Be1 Ke7 58. Nh1 Be4 59.
Ng3 Bf3 60. Nf1 Bc1 61. Bf2 Kd7 62. Kb6 Be2 1/2-1/2

[Event "Zadar B Open 2016"]
[Site "Zadar"]
[Date "2016.12.12"]
[Round "2.8"]
[White "Stipic, Marko"]
[Black "Miskovic, Bozo"]
[Result "1-0"]
[WhiteElo "2152"]
[BlackElo "1997"]
[PlyCount "81"]
[EventDate "2016.12.11"]
[EventCountry "CRO"]

1. c4 e5 2. Nc3 Nc6 3. g3 Nf6 4. Bg2 Be7 5. Nf3 d6 6. d4 a6 7. O-O O-O 8. d5
Nb8 9. e4 Ne8 10. c5 Bg4 11. cxd6 cxd6 12. h3 Bc8 13. a4 b6 14. Be3 Nd7 15. b4
Rb8 16. Qc2 Rb7 17. Rfc1 Rc7 18. Qd3 Bb7 19. h4 h6 20. Bh3 Nef6 21. Nd2 Qb8 22.
Nc4 Bc8 23. Kh2 h5 24. f3 Rd8 25. Rab1 Qb7 26. a5 b5 27. Nb6 Rf8 28. Bf1 Qb8
29. Nxc8 Rfxc8 30. Qd2 Qb7 31. Rb2 Bd8 32. Rbc2 Qb8 33. Qd1 Qb7 34. Bd3 Qb8 35.
g4 hxg4 36. fxg4 Nh7 37. g5 Qb7 38. Qg4 Ndf8 39. h5 Rc4 40. Bxc4 Rxc4 41. Na2
1-0